The promise of India's secular democracy / (Record no. 41560)

MARC details
000 -LEADER
fixed length control field 00850nam a22002417a 4500
005 - DATE AND TIME OF LATEST TRANSACTION
control field 20100813115046.0
010 ## - LCCN (DPL NO)
LC control number ENG-99972
020 ## - INTERNATIONAL STANDARD BOOK NUMBER
International Standard Book Number 9780198060444
Terms of availability 750.00
035 ## - SYSTEM CONTROL NUMBER
System control number EN-83504
037 ## - SOURCE OF ACQUISITION
Source of stock number/acquisition DBAD/PUB
082 ## - DEWEY DECIMAL CLASSIFICATION NUMBER
Classification number 322.10954
100 ## - MAIN ENTRY--PERSONAL NAME
Personal name Bhargava, Rajeev
245 ## - TITLE STATEMENT
Title The promise of India's secular democracy /
Statement of responsibility, etc by Rajeev Bhargava
260 ## - PUBLICATION, DISTRIBUTION, ETC. (IMPRINT)
Place of publication, distribution, etc New Delhi
Name of publisher, distributor, etc Oxford University Press
Date of publication, distribution, etc 2010
270 ## - ADDRESS
Address YMCA Library Building, Jai Singh Road
City New Delhi
Postal code 110001
300 ## - PHYSICAL DESCRIPTION
Extent xxv,346p.
Dimensions 22cm (Hb)
500 ## - GENERAL NOTE
General note Includes index
650 ## - SUBJECT ADDED ENTRY--TOPICAL TERM
Topical term or geographic name as entry element Religion and Politics
650 ## - SUBJECT ADDED ENTRY--TOPICAL TERM
Geographic subdivision India
650 ## - SUBJECT ADDED ENTRY--TOPICAL TERM
Topical term or geographic name as entry element Secularcy
942 ## - ADDED ENTRY ELEMENTS (KOHA)
Source of classification or shelving scheme Dewey Decimal Classification
Item type English Books
Classification part 322.10954
Call number suffix BHA
Holdings
Withdrawn status Lost status Not for loan Collection code Home library Current library Date acquired Source of acquisition Cost, normal purchase price Full call number Barcode Copy number Cost, replacement price Koha item type
    Not For Loan Non-fiction D.B.Act.Division D.B.Act.Division 13/08/2010 DBAD/PUB 750.00 322.10954 BHA EN-83504 1 750.00 English Books

© Delhi Public Library
Hit Counter
free hit counter